000 00355nam a2200133Ia 4500
008 240624s9999 xx 000 0 und d
041 _aeng
082 _a333.33092 HEL
100 _aHELLMAN PETER
245 _aSHAPING THE SKYLINE THE WORLD ACCORDING
260 _c2004
_aCanada
_bJohn Wiley & Sons
300 _axi, : 260 : p. : cm. ; 23
365 _c
_b30
999 _c17987
_d17987